000
00329nam a2200133Ia 4500
008
151213s9999 xx 000 0 und d
245
_a
Principles of Language Learning & Teaching
250
_a
1st
260
_a
U S A
_b
Prentic Hall
_c
1993
300
_a
4217 p.
650
_a
English
650
_a
English Language
999
_c
2641
_d
2641